| 000 | 00952cab a2200229 4500 | ||
|---|---|---|---|
| 001 | ##L133691 | ||
| 008 | 060602n2006 000 0 eng u | ||
| 035 | _a(Sirsi) u133691 | ||
| 041 | 0 | _aeng | |
| 100 | 1 | _aBennett, David | |
| 245 | 0 | 0 | _aPrecast concrete is the dominant form of cladding in Northern Europe |
| 260 | _c2006 | ||
| 490 | 0 |
_aArchitects' Journal _v21(223) 1 June 2006, 46-49(4) |
|
| 520 | _aPrecast concrete panels are the major form of construction used for houses and apartment blocks in Scandinavia, Austria and Germany. Describes two of the most commonly used products,sandwich panel construction and precast light/glass-reinforced concrete, and gives examples of their use in a number of different types of building. | ||
| 590 | _aIKA060606 | ||
| 651 | 4 | _aFINLAND | |
| 651 | 4 | _aDENMARK | |
| 651 | 4 | _aGERMANY | |
| 651 | 4 | _aAUSTRIA | |
| 690 | _aBUILT ENVIRONMENT-BUILDING ELEMENTS-COMPLETE BUILDING ELEMENTS | ||
| 942 | _n0 | ||
| 999 |
_c77158 _d77158 |
||